| 000 | 00627nam a2200181 a 4500 | ||
|---|---|---|---|
| 005 | 20210223123415.0 | ||
| 008 | 991125s1920 mx 000 0 spa u | ||
| 035 | _aUPN01000052889 | ||
| 049 | _aCE | ||
| 050 | 4 |
_aE405.2 _bV4.2 |
|
| 100 | 1 |
_aVelasco Ceballos, Rómulo _932229 |
|
| 245 | 1 | 1 |
_a¿Se apoderará E.U.A. de Baja California? / _cR. Velasco Ceballos. |
| 260 |
_aMéxico : _bImprenta Nacional, _c1920. |
||
| 300 | _a197 p., [30] h. de láms. | ||
| 651 | 4 |
_aESTADOS UNIDOS - _xHISTORIA - _yGUERRA CON MEXICO, 1846-1848 _923767 |
|
| 651 | 4 |
_aMEXICO - _xHISTORIA - _yINVASION NORTEAMERICANA, 1846-1848 _915833 |
|
| 905 | _aLibro | ||
| 999 |
_c52889 _d52889 |
||